000 00488nam a2200169Ia 4500
005 20250424120222.0
008 250424s9999 xx 000 0 und d
022 _a17535964
050 _aPN 2969 .A37/
245 0 _aAfrican performance review
260 _aLondon
260 _bAdonis & Abbey Publishers Ltd.
260 _c2011
300 _a100 p. : ill. ; 24 cm.
650 _aTheater--Africa. African drama--History and criticism. Politics and literature--Africa.
942 _cSR
999 _c38057
_d38057